000 00653nam a22002177a 4500
003 UA-OsUOA
001 46622
007 ta
008 20070704b un ||||| |||| 00| 0 ukr d
100 _aКравчук Г.О.
090 _a330
_bК-12
942 _cSA
040 _aUA-OsUOA
_bukr
_cUA-OsUOA
_dUA-OsUOA
245 _aШляхи вдосконалення методів формування товарного асортименту
300 _aС.7-10
955 _a0
041 _aukr
080 _a330
773 0 _w46621
_tЕкономіка. Фінанси. Право.
_dК.
_d2007
_g5
650 7 _a330 Економіка взагалі
_2UDC
999 _c332713
_d332713